Danish parties from there letters - Statistics

General Stats
  • This quiz has been taken 12 times
  • The average score is 10 of 12
Answer Stats
Hint Answer % Correct
O Dansk Folkeparti
100%
M Moderaterne
100%
A Socialdemokratiet
100%
V Venstre
100%
Å Alternativet
89%
Ø Enhedslisten
89%
B Radikale Venstre
89%
Æ Danmarksdemokraterne
78%
I Liberal Alliance
78%
F Socialistisk Folkeparti
78%
C Det Konservative Folkeparti
67%
H Borgernes Parti
44%
No matching quizzes found
Score Distribution
Percent of People with Each Score
Percentile by Number Answered
Your Score History
You have not taken this quiz